Normal view
MARC view
- PhD- Engineering Management
Entry Topical Term
001 - CONTROL NUMBER
- control field: 124516
003 - CONTROL NUMBER IDENTIFIER
- control field: NUST
005 - DATE AND TIME OF LATEST TRANSACTION
- control field: 20240715104902.0
008 - FIXED-LENGTH DATA ELEMENTS
- fixed length control field: 240715|| aca||aabn | a|a d
040 ## - CATALOGING SOURCE
- Original cataloging agency: NUST
- Transcribing agency: NUST
150 ## - HEADING--TOPICAL TERM
- Topical term or geographic name entry element: PhD- Engineering Management
670 ## - SOURCE DATA FOUND
- Source citation: Work cat.: (NUST): Tahir Iqbal 70419, ANALYSIS OF LEAN AND AGILE MANUFACTURING PRACTICES UNDER UNIVERSAL, CONTINGENCY AND CONFIGURATIONAL PERSPECTIVES IN APPAREL EXPORT INDUSTRY OF PAKISTAN AND DEVELOPMENT OF A STRATEGIC FRAMEWORK FOR IMPROVING ITS PERFORMANCE/
